000 01052cam a2200277 4500
001 6840
003 BD-RjUL
005 20211208234325.0
008 140112s1972 caua 001 0 eng d
020 _a0816286043
_a0816285942 (pbk)
035 _a(BD-RjUL)6882
040 _aDLC
_cDLC
_dDLC
_dBD-RjUL
_beng
041 _aeng
082 0 0 _a001.422
_bSTA 1972
245 0 0 _aStatistics :
_ba guide to the unknown.
_cEdited by Judith M. Tanur [and others]
260 _aSan Francisco :
_bHolden-Day,
_c1972.
300 _axxiii, 430 p. :
_billus.,
_c24 cm.
500 _aPapers contributed at the invitation of the Joint Committee on the Curriculum in Statistics and Probability of the American Statistical Association and the National Council of Teachers of Mathematics.
504 _aIncludes index.
650 0 _aMathematical statistics.
_921486
700 1 _aTanur, Judith M.,
_eed.
_921487
710 2 _aJoint Committee on the Curriculum in Statistics and Probability.
_921488
942 _2ddc
_cBK
999 _c6840
_d6840